Long Distance Water Transfer (Record no. 2779)

MARC details
000 -LEADER
fixed length control field 00306nam a22001337a 4500
020 ## - INTERNATIONAL STANDARD BOOK NUMBER
International Standard Book Number 0-907567-52-5
041 ## - LANGUAGE CODE
Language code of text/sound track or separate title ENG
100 ## - MAIN ENTRY--PERSONAL NAME
Personal name Biswas.A.K
245 ## - TITLE STATEMENT
Title Long Distance Water Transfer
260 ## - PUBLICATION, DISTRIBUTION, ETC. (IMPRINT)
Place of publication, distribution, etc Beijing
Name of publisher, distributor, etc United Nations University
Date of publication, distribution, etc 1990
300 ## - PHYSICAL DESCRIPTION
Extent 417
650 ## - SUBJECT ADDED ENTRY--TOPICAL TERM
Topical term or geographic name as entry element IDE ( 05 )
856 ## - ELECTRONIC LOCATION AND ACCESS
Uniform Resource Identifier IDE ( 05 )
Holdings
Withdrawn status Lost status Source of classification or shelving scheme Damaged status Not for loan Home library Current library Shelving location Date acquired Cost, normal purchase price Total Checkouts Barcode Date last seen Price effective from Koha item type
    Dewey Decimal Classification     College of Agricultural Engineering and Technology, Dapoli , Library College of Agricultural Engineering and Technology, Dapoli , Library Book Cart 10/12/2021 0.00   G00355 10/12/2021 10/12/2021 Books

Contact Us: College of Agricultural Engineering and Technology, Dapoli, Dist.- Ratnagiri
Website: https://dbskkv.org Email: caetlibrary2015@gmail.com